<El> mensaje de subir los sueldos, contener precios y más igualdad recorre las calles de CLM arropado por miles de personas en el 1 de mayo (Record no. 53251)
[ view plain ]
| 000 -LEADER | |
|---|---|
| campo de control de longitud fija | 01376nam a2200385Ia 4500 |
| 001 - NÚMERO DE CONTROL | |
| campo de control | 063864 |
| 008 - DATOS DE LONGITUD FIJA--INFORMACIÓN GENERAL | |
| campo de control de longitud fija | 221003m2022 xx 000 0 spa d |
| 035 ## - NÚMERO DE CONTROL DEL SISTEMA | |
| Número de control de sistema | CENDO_53252 |
| 041 ## - CÓDIGO DE IDIOMA | |
| Código de lengua del texto/banda sonora o título independiente | spa |
| 245 #0 - MENCIÓN DEL TÍTULO | |
| Título | <El> mensaje de subir los sueldos, contener precios y más igualdad recorre las calles de CLM arropado por miles de personas en el 1 de mayo |
| 260 ## - PUBLICACIÓN, DISTRIBUCIÓN, ETC. | |
| Lugar de publicación, distribución, etc. | Toledo : |
| Nombre del editor, distribuidor, etc. | CCOO Castilla-La Mancha, |
| Fecha de publicación, distribución, etc. | 2022 |
| 300 ## - DESCRIPCIÓN FÍSICA | |
| Extensión | 4 p. ; |
| Dimensiones | 30 cm |
| 500 ## - NOTA GENERAL | |
| Nota general | En: Gaceta Sindical Digital : Castilla-La Mancha, n. 447 (mayo 2022), p. 1-4 |
| 650 #0 - PUNTO DE ACCESO ADICIONAL DE MATERIA--TÉRMINO DE MATERIA | |
| Término de materia o nombre geográfico como elemento de entrada | ACTITUD SINDICAL |
| 9 (RLIN) | 61 |
| 650 ## - PUNTO DE ACCESO ADICIONAL DE MATERIA--TÉRMINO DE MATERIA | |
| Término de materia o nombre geográfico como elemento de entrada | CASTILLA-LA MANCHA |
| 9 (RLIN) | 3732 |
| 650 #0 - PUNTO DE ACCESO ADICIONAL DE MATERIA--TÉRMINO DE MATERIA | |
| Término de materia o nombre geográfico como elemento de entrada | COMUNIDADES AUTONOMAS |
| 9 (RLIN) | 344 |
| 650 ## - PUNTO DE ACCESO ADICIONAL DE MATERIA--TÉRMINO DE MATERIA | |
| Término de materia o nombre geográfico como elemento de entrada | MOVIMIENTO OBRERO |
| 9 (RLIN) | 970 |
| 650 #0 - PUNTO DE ACCESO ADICIONAL DE MATERIA--TÉRMINO DE MATERIA | |
| Término de materia o nombre geográfico como elemento de entrada | DERECHOS DE LOS TRABAJADORES |
| 9 (RLIN) | 4 |
| 650 ## - PUNTO DE ACCESO ADICIONAL DE MATERIA--TÉRMINO DE MATERIA | |
| Término de materia o nombre geográfico como elemento de entrada | AUMENTO SALARIAL |
| 9 (RLIN) | 3229 |
| 650 ## - PUNTO DE ACCESO ADICIONAL DE MATERIA--TÉRMINO DE MATERIA | |
| Término de materia o nombre geográfico como elemento de entrada | CLASE TRABAJADORA |
| 9 (RLIN) | 385 |
| 650 ## - PUNTO DE ACCESO ADICIONAL DE MATERIA--TÉRMINO DE MATERIA | |
| Término de materia o nombre geográfico como elemento de entrada | PODER ADQUISITIVO |
| 9 (RLIN) | 21177 |
| 650 ## - PUNTO DE ACCESO ADICIONAL DE MATERIA--TÉRMINO DE MATERIA | |
| Término de materia o nombre geográfico como elemento de entrada | ACTITUD DE LOS TRABAJADORES |
| 9 (RLIN) | 766 |
| 650 ## - PUNTO DE ACCESO ADICIONAL DE MATERIA--TÉRMINO DE MATERIA | |
| Término de materia o nombre geográfico como elemento de entrada | SEGURIDAD EN EL TRABAJO |
| 9 (RLIN) | 492 |
| 650 ## - PUNTO DE ACCESO ADICIONAL DE MATERIA--TÉRMINO DE MATERIA | |
| Término de materia o nombre geográfico como elemento de entrada | SINDICALISMO |
| 9 (RLIN) | 189 |
| 710 ## - ENTRADA AGREGADA--NOMBRE DE ENTIDAD CORPORATIVA | |
| Nombre de entidad corporativa o nombre de jurisdicción como elemento de entrada | CCOO |
| Unidad subordinada | Castilla-La Mancha |
| 9 (RLIN) | 24880 |
| 856 ## - LOCALIZACIÓN Y ACCESO ELECTRÓNICOS | |
| Nota pública | |
| Identificador Uniforme de Recursos | <a href="http://docpublicos.ccoo.es/cendoc/063864MensajeSubirSueldos.pdf">http://docpublicos.ccoo.es/cendoc/063864MensajeSubirSueldos.pdf</a> |
| 901 ## - ELEMENTOS DE DATOS A LOCAL LDA (RLIN) | |
| a | 0 |
| 903 ## - ELEMENTOS DE DATOS C LOCAL, LDC (RLIN) | |
| a | NO |
| 904 ## - ELEMENTOS DE DATOS D LOCAL, LDD (RLIN) | |
| a | 000 |
| 907 ## - ELEMENTOS DE DATOS G LOCAL, LDG (RLIN) | |
| a | Primero de Mayo |
| 953 ## - | |
| -- | 2022-05-10 |
| -- | DOCU_ELEC |
| -- | Gaceta Sindical Digital : Castilla-La Mancha, n. 447 (mayo 2022), p. 1-4 |
| -- | PS120 |
| 910 ## - DATOS DE OPCIÓN DEL USUARIO (OCLC) | |
| Datos de opción del usuario | 2022 |
| 942 ## - ELEMENTOS DE ENTRADA SECUNDARIOS (KOHA) | |
| Tipo de ítem Koha | Documento Electrónico |
| Estatus retirado | Estado de pérdida | Estado de daño | No para préstamo | Biblioteca de origen | Biblioteca actual | Fecha de adquisición | Enumeración/cronología de publicación seriada | Total de préstamos | Código de barras | Visto por última vez | Copia número | Precio de reemplazo | Tipo de ítem Koha |
|---|---|---|---|---|---|---|---|---|---|---|---|---|---|
| CENDO | CENDO | 10/05/2022 | Gaceta Sindical Digital : Castilla-La Mancha, n. 447 (mayo 2022), p. 1-4 | CENDO_53252 | 05/10/2022 | PS120 | 05/10/2022 | Documento Electrónico |